Eastern Utah Libraries Catalog: Duchesne, Heber, Roosevelt, & Vernal

Clarabelle : (Record no. 265472)

MARC details
000 -LEADER
fixed length control field 01239nam a2200349Ia 4500
001 - CONTROL NUMBER
control field ocn154673625
003 - CONTROL NUMBER IDENTIFIER
control field OCoLC
005 - DATE AND TIME OF LATEST TRANSACTION
control field 20200320181938.0
008 - FIXED-LENGTH DATA ELEMENTS--GENERAL INFORMATION
fixed length control field 070531s2007 paua j 000 0 eng d
020 ## - INTERNATIONAL STANDARD BOOK NUMBER
International Standard Book Number 9781590783108
020 ## - INTERNATIONAL STANDARD BOOK NUMBER
International Standard Book Number 1590783107
020 ## - INTERNATIONAL STANDARD BOOK NUMBER
Terms of availability 18.96
035 ## - SYSTEM CONTROL NUMBER
System control number (OCoLC)154673625
040 ## - CATALOGING SOURCE
Original cataloging agency BTCTA
Transcribing agency BTCTA
Modifying agency HSA
-- BAKER
-- DPL
-- WACOL
049 ## - LOCAL HOLDINGS (OCLC)
Holding library WACL
092 0# - LOCALLY ASSIGNED DEWEY CALL NUMBER (OCLC)
Classification number 636.2/142
Edition number 22
092 ## - LOCALLY ASSIGNED DEWEY CALL NUMBER (OCLC)
Classification number E
Item number Pet
100 1# - MAIN ENTRY--PERSONAL NAME
Personal name Peterson, Cris.
9 (RLIN) 5839202
245 10 - TITLE STATEMENT
Title Clarabelle :
Remainder of title making milk and so much more /
Statement of responsibility, etc Cris Peterson ; photographs by David R. Lundquist.
260 ## - PUBLICATION, DISTRIBUTION, ETC. (IMPRINT)
Place of publication, distribution, etc Homesdale, Penn. :
Name of publisher, distributor, etc Boyds Mills Press,
Date of publication, distribution, etc c2007.
300 ## - PHYSICAL DESCRIPTION
Extent 1 v. (unpaged) : $b col. ill. ; $c 29 cm.
650 #0 - SUBJECT ADDED ENTRY--TOPICAL TERM
Topical term or geographic name as entry element Dairy cattle
Form subdivision Juvenile literature.
9 (RLIN) 5839203
650 #0 - SUBJECT ADDED ENTRY--TOPICAL TERM
Topical term or geographic name as entry element Cows
Form subdivision Juvenile literature.
9 (RLIN) 5703467
650 #1 - SUBJECT ADDED ENTRY--TOPICAL TERM
Topical term or geographic name as entry element Cows.
9 (RLIN) 5839204
700 1# - ADDED ENTRY--PERSONAL NAME
Personal name Lundquist, David R., $d 1950- $e ill.
9 (RLIN) 5839205
938 ## -
-- Baker and Taylor
-- BTCP
-- BK0007205905
938 ## -
-- Baker & Taylor
-- BKTY
-- 16.95
-- 16.95
-- 1590783107
-- 0007205905
-- active
942 ## - ADDED ENTRY ELEMENTS (KOHA)
Koha item type BOOK
948 ## - LOCAL PROCESSING INFORMATION (OCLC); SERIES PART DESIGNATOR (RLIN)
Series part designator, SPT (RLIN) 10/03/2007
z (OCLC) Sirsi
994 ## -
-- 02
-- WACOL
996 ## -
-- 57888
-- 34301000608085
-- E
-- bk
-- wcl
-- i
-- 25
-- 18.96
-- Penworthy
-- Pet
-- 10/03/2007
-- 06/06/2019
-- 05/17/2019
Holdings
Withdrawn status Lost status Source of classification or shelving scheme Damaged status Not for loan Collection code Home library Current library Shelving location Date acquired Source of acquisition Cost, normal purchase price Total Checkouts Total Renewals Full call number Barcode Checked out Date last seen Date checked out Cost, replacement price Price effective from Koha item type
  Long Overdue (Lost) Dewey Decimal Classification     Children NonFiction Wasatch County Library Wasatch County Library Main Floor Childrens Area 10/03/2007 Penworthy 18.96 28 4 E Farm Pet 34301000608085 01/21/2022 11/23/2021 11/23/2021 18.96 03/20/2020 BOOK
This project was made possible through a grant from the Institute of Museum and Library Service administered by the Utah State Library Division.

Wasatch County Library

  • 465 East 1200 South, Heber City, Utah 84032
  • Phone 435-654-1511 | Fax 435-654-6456

Hours

  • Monday - Friday 9:30 AM - 8:00 PM
  • Saturday 9:30 AM - 1:30 PM
  • Closed Sundays and Holidays